| 000 | 00409nam a2200169Ia 4500 | ||
|---|---|---|---|
| 008 | 230524s9999 xx 000 0 und d | ||
| 082 |
_a612 _bPAN |
||
| 100 |
_aO.N.Pandey _923695 |
||
| 245 | 0 | _aBiomedical Electronics | |
| 250 | _a1ST | ||
| 260 |
_aNEW DELHI _bKataria _c2006 |
||
| 300 | _aIV;315 | ||
| 500 | _aQuantity Number: 1 | ||
| 650 | _aBiomedical | ||
| 700 |
_a Rakesh Kumar _923696 |
||
| 942 | _cBK | ||
| 999 |
_c35240 _d35240 |
||